000 00367nam a22001337a 4500
020 _a9781578866021
082 _a371.2 BAI
100 _aBain, Alan
245 _aThe self-organizing school : next generation comprehensive school reforms
260 _aUK
_bR&L Education
_c2007
300 _aviii, 280 p. :
_e20 cm
650 _aSchool improvement programs
942 _cBK
999 _c12839
_d12839